000 01211nam a2200301 c 4500
003 BLK
005 20180420231744.0
008 180409b bul|||||r ||||||| ||bul||
010 _aKNG00129437000
040 _aBLK
041 _aBUL
_cBUL
080 _a?Литература на Нигерия
_b896(669)
_x-32
_z896(669)-32
100 1 _aАчебе, Чинуа
_eпърви автор
_934941
700 1 _aБенев, Богомил
_eпрев. от англ.
_9306001
139 _aАчебе, Чинуа
_bА 97
245 1 0 _aМомичета на война
_bРазкази
_cЧинуа Ачебе; прев. от англ. Богомил Бенев.
257 _aNIG
260 София
_bПрофиздат
_c1981
300 _a207 с.
_c16 см
380 _aX
490 1 _aБиблиотека Факел
_v5
500 _aПрев. е направен от Girls at war and other stories. 1977 ; The drum. 1977 ; Morning yet on creation day. 1977. - 21 600 тир.
852 _aЦб І 19041
856 4 _qpdf
_u
856 4 _qpdf
_u
942 _cKNG
_n0
944 _aCR
_c30.03.2012
_l30.03.2012 - от С1,Р / 30.03.2012
_kГрета_Цуфелде
944 _aED
_c30.03.2012
_l30.03.2012 - от С1,Р / 30.03.2012
_k
999 _c123774
_d123774